<?xml version="1.0" encoding="UTF-8"?>
<record
    xmlns:xsi="http://www.w3.org/2001/XMLSchema-instance"
    xsi:schemaLocation="http://www.loc.gov/MARC21/slim http://www.loc.gov/standards/marcxml/schema/MARC21slim.xsd"
    xmlns="http://www.loc.gov/MARC21/slim">

  <leader>01573nam a22002417a 4500</leader>
  <controlfield tag="003">OSt</controlfield>
  <controlfield tag="005">20220211124510.0</controlfield>
  <controlfield tag="008">190725b        xxu||||| |||| 00| 0 eng d</controlfield>
  <datafield tag="020" ind1=" " ind2=" ">
    <subfield code="a">978111532826 </subfield>
    <subfield code="q">111532826 </subfield>
  </datafield>
  <datafield tag="020" ind1=" " ind2=" ">
    <subfield code="a">9781111824723</subfield>
  </datafield>
  <datafield tag="020" ind1=" " ind2=" ">
    <subfield code="a">111182472X</subfield>
  </datafield>
  <datafield tag="040" ind1=" " ind2=" ">
    <subfield code="c">LC</subfield>
  </datafield>
  <datafield tag="050" ind1=" " ind2=" ">
    <subfield code="a">HF5549.C465(16e)</subfield>
  </datafield>
  <datafield tag="100" ind1=" " ind2=" ">
    <subfield code="a">Snell, Scott.</subfield>
  </datafield>
  <datafield tag="245" ind1=" " ind2=" ">
    <subfield code="a">Managing human resources. / </subfield>
    <subfield code="c">Scott Snell.</subfield>
  </datafield>
  <datafield tag="250" ind1=" " ind2=" ">
    <subfield code="a">16th ed.</subfield>
  </datafield>
  <datafield tag="260" ind1=" " ind2=" ">
    <subfield code="a">Mason :</subfield>
    <subfield code="b">South-Western Cengage Learning,</subfield>
    <subfield code="c">2013.</subfield>
  </datafield>
  <datafield tag="300" ind1=" " ind2=" ">
    <subfield code="a">793 p. :</subfield>
    <subfield code="b">ill ;</subfield>
    <subfield code="c">26 cm.</subfield>
  </datafield>
  <datafield tag="500" ind1=" " ind2=" ">
    <subfield code="a">Includes index.</subfield>
  </datafield>
  <datafield tag="505" ind1=" " ind2=" ">
    <subfield code="a">Contents : Part 1: Human resources management in perspective: The challenge of human resources management -- Strategy and human resources planning -- Part 2: Meeting human resources requirements -- Equal employment opportunity and human resources management -- Job analysis and job design -- Part 3: Developing effectiveness in human resources: Expanding  the talent pool:  recruitment and careers  -- Employee selection -- Training and development -- Performance management and the employee appraisal process -- Part 4: Implementing compensation and security: Managing compensation -- Pay-for-performance: incentive rewards -- Employee benefits -- Promoting safety and health -- Part 5: Enhancing employee-management relations -- Employee right and discipline -- The dynamics of labor relations -- Part 6: Expanding human resources management horizons: International human resources management -- Creating high-performance work systems.      </subfield>
  </datafield>
  <datafield tag="700" ind1=" " ind2=" ">
    <subfield code="a">Bohlander, George. </subfield>
  </datafield>
  <datafield tag="942" ind1=" " ind2=" ">
    <subfield code="2">lcc</subfield>
    <subfield code="c">BK</subfield>
  </datafield>
  <datafield tag="999" ind1=" " ind2=" ">
    <subfield code="c">6804</subfield>
    <subfield code="d">14304</subfield>
  </datafield>
  <datafield tag="952" ind1=" " ind2=" ">
    <subfield code="0">0</subfield>
    <subfield code="1">0</subfield>
    <subfield code="2">lcc</subfield>
    <subfield code="4">0</subfield>
    <subfield code="7">0</subfield>
    <subfield code="8">REF</subfield>
    <subfield code="a">WIUC-1</subfield>
    <subfield code="b">WIUC-1</subfield>
    <subfield code="c">CC</subfield>
    <subfield code="d">2019-07-25</subfield>
    <subfield code="o">HF5549.C465</subfield>
    <subfield code="p">893/011/19</subfield>
    <subfield code="r">2019-07-25 00:00:00</subfield>
    <subfield code="t">1</subfield>
    <subfield code="w">2019-07-25</subfield>
    <subfield code="y">BK</subfield>
  </datafield>
  <datafield tag="952" ind1=" " ind2=" ">
    <subfield code="0">0</subfield>
    <subfield code="1">0</subfield>
    <subfield code="2">lcc</subfield>
    <subfield code="4">0</subfield>
    <subfield code="7">0</subfield>
    <subfield code="a">WIUC-1</subfield>
    <subfield code="b">WIUC-1</subfield>
    <subfield code="c">REF</subfield>
    <subfield code="d">2019-07-25</subfield>
    <subfield code="o">HF5549.C4651(16e)</subfield>
    <subfield code="p">894/012/19</subfield>
    <subfield code="r">2019-07-25 00:00:00</subfield>
    <subfield code="t">2</subfield>
    <subfield code="w">2019-07-25</subfield>
    <subfield code="y">BK</subfield>
  </datafield>
  <datafield tag="952" ind1=" " ind2=" ">
    <subfield code="0">0</subfield>
    <subfield code="1">0</subfield>
    <subfield code="2">lcc</subfield>
    <subfield code="4">0</subfield>
    <subfield code="7">0</subfield>
    <subfield code="a">WIUC-KL</subfield>
    <subfield code="b">WIUC-KL</subfield>
    <subfield code="c">GEN</subfield>
    <subfield code="d">2019-11-08</subfield>
    <subfield code="l">0</subfield>
    <subfield code="o">HF5549.C46(16e)</subfield>
    <subfield code="p">K/1774/1774/19</subfield>
    <subfield code="r">2021-11-30 00:00:00</subfield>
    <subfield code="t">1</subfield>
    <subfield code="w">2021-11-30</subfield>
    <subfield code="y">BK</subfield>
  </datafield>
  <datafield tag="952" ind1=" " ind2=" ">
    <subfield code="0">0</subfield>
    <subfield code="1">0</subfield>
    <subfield code="2">lcc</subfield>
    <subfield code="4">0</subfield>
    <subfield code="7">0</subfield>
    <subfield code="a">WIUC-KL</subfield>
    <subfield code="b">WIUC-KL</subfield>
    <subfield code="c">GEN</subfield>
    <subfield code="d">2019-11-08</subfield>
    <subfield code="l">0</subfield>
    <subfield code="o">HF5549.C461(16e)</subfield>
    <subfield code="p">K/1775/1775/19</subfield>
    <subfield code="r">2021-11-30 00:00:00</subfield>
    <subfield code="t">2</subfield>
    <subfield code="w">2021-11-30</subfield>
    <subfield code="y">BK</subfield>
  </datafield>
  <datafield tag="952" ind1=" " ind2=" ">
    <subfield code="0">0</subfield>
    <subfield code="1">0</subfield>
    <subfield code="2">lcc</subfield>
    <subfield code="4">0</subfield>
    <subfield code="7">0</subfield>
    <subfield code="a">WIUC-KL</subfield>
    <subfield code="b">WIUC-KL</subfield>
    <subfield code="c">GEN</subfield>
    <subfield code="d">2019-11-08</subfield>
    <subfield code="l">0</subfield>
    <subfield code="o">HF5549.C462(16e)</subfield>
    <subfield code="p">K/1776/1776/19</subfield>
    <subfield code="r">2021-11-30 00:00:00</subfield>
    <subfield code="t">3</subfield>
    <subfield code="w">2021-11-30</subfield>
    <subfield code="y">BK</subfield>
  </datafield>
  <datafield tag="952" ind1=" " ind2=" ">
    <subfield code="0">0</subfield>
    <subfield code="1">0</subfield>
    <subfield code="2">lcc</subfield>
    <subfield code="4">0</subfield>
    <subfield code="7">0</subfield>
    <subfield code="a">WIUC-KL</subfield>
    <subfield code="b">WIUC-KL</subfield>
    <subfield code="c">GEN</subfield>
    <subfield code="d">2019-11-08</subfield>
    <subfield code="o">HF5549.C463(16e)</subfield>
    <subfield code="p">K/1777/1777/19</subfield>
    <subfield code="r">2021-11-30 00:00:00</subfield>
    <subfield code="t">4</subfield>
    <subfield code="w">2021-11-30</subfield>
    <subfield code="y">BK</subfield>
  </datafield>
  <datafield tag="952" ind1=" " ind2=" ">
    <subfield code="0">0</subfield>
    <subfield code="1">0</subfield>
    <subfield code="2">lcc</subfield>
    <subfield code="4">0</subfield>
    <subfield code="7">0</subfield>
    <subfield code="a">WIUC-KL</subfield>
    <subfield code="b">WIUC-KL</subfield>
    <subfield code="c">GEN</subfield>
    <subfield code="d">2019-11-08</subfield>
    <subfield code="l">0</subfield>
    <subfield code="o">HF5549.C464(16e)</subfield>
    <subfield code="p">K/1781/1781/19</subfield>
    <subfield code="r">2021-12-01 00:00:00</subfield>
    <subfield code="t">5</subfield>
    <subfield code="w">2021-11-30</subfield>
    <subfield code="y">BK</subfield>
  </datafield>
  <datafield tag="952" ind1=" " ind2=" ">
    <subfield code="0">0</subfield>
    <subfield code="1">0</subfield>
    <subfield code="2">lcc</subfield>
    <subfield code="4">0</subfield>
    <subfield code="7">0</subfield>
    <subfield code="a">WIUC-1</subfield>
    <subfield code="b">WIUC-1</subfield>
    <subfield code="c">REF</subfield>
    <subfield code="d">2022-06-22</subfield>
    <subfield code="l">0</subfield>
    <subfield code="o">HF5549.C4652(16e)</subfield>
    <subfield code="p">8931/382/22</subfield>
    <subfield code="r">2022-06-22 00:00:00</subfield>
    <subfield code="t">3</subfield>
    <subfield code="w">2022-06-22</subfield>
    <subfield code="y">BK</subfield>
  </datafield>
  <datafield tag="952" ind1=" " ind2=" ">
    <subfield code="0">0</subfield>
    <subfield code="1">0</subfield>
    <subfield code="2">lcc</subfield>
    <subfield code="4">0</subfield>
    <subfield code="7">0</subfield>
    <subfield code="a">WIUC-1</subfield>
    <subfield code="b">WIUC-1</subfield>
    <subfield code="c">REF</subfield>
    <subfield code="d">2022-06-22</subfield>
    <subfield code="l">0</subfield>
    <subfield code="o">HF5549.C4653(16e)</subfield>
    <subfield code="p">8932/383/22</subfield>
    <subfield code="r">2022-06-22 00:00:00</subfield>
    <subfield code="t">4</subfield>
    <subfield code="w">2022-06-22</subfield>
    <subfield code="y">BK</subfield>
  </datafield>
  <datafield tag="952" ind1=" " ind2=" ">
    <subfield code="0">0</subfield>
    <subfield code="1">0</subfield>
    <subfield code="2">lcc</subfield>
    <subfield code="4">0</subfield>
    <subfield code="7">0</subfield>
    <subfield code="a">WIUC-1</subfield>
    <subfield code="b">WIUC-1</subfield>
    <subfield code="c">REF</subfield>
    <subfield code="d">2022-06-22</subfield>
    <subfield code="l">0</subfield>
    <subfield code="o">HF5549.C4654(16e)</subfield>
    <subfield code="p">8933/384/22</subfield>
    <subfield code="r">2022-06-22 00:00:00</subfield>
    <subfield code="t">5</subfield>
    <subfield code="w">2022-06-22</subfield>
    <subfield code="y">BK</subfield>
  </datafield>
</record>
